The Beatles - Rubber Soul (Tracks) - Statistics

General Stats
  • This quiz has been taken 116 times
  • The average score is 11 of 14
Answer Stats
Track Number Track Name % Correct
1 Drive My Car
97%
7 Michelle
94%
2 Norwegian Wood (This Bird Has Flown)
94%
11 In My Life
90%
9 Girl
87%
14 Run for Your Life
85%
6 The Word
82%
12 Wait
81%
4 Nowhere Man
77%
8 What Goes On
74%
13 If I Needed Someone
69%
10 I'm Looking Through You
69%
5 Think for Yourself
68%
3 You Won't See Me
68%
No matching quizzes found
Score Distribution
Percent of People with Each Score
Percentile by Number Answered
Your Score History
You have not taken this quiz